Statistics for Country Knock-out Tournament: Highest Population goes through

Click here to take the quiz!

General Stats

  • This quiz has been taken 72 times
  • The average score is 191 of 193

Answer Stats

COUNTRY% Correct
Afghanistan
100%
Algeria
100%
Algeria
100%
Angola
100%
Argentina
100%
Argentina
100%
Australia
100%
Australia
100%
Azerbaijan
100%
Bangladesh
100%
Bangladesh
100%
Belarus
100%
Belgium
100%
Belgium
100%
Benin
100%
Bolivia
100%
Brazil
100%
Brazil
100%
Brazil
100%
Bulgaria
100%
Burma
100%
Cambodia
100%
Canada
100%
CAR
100%
Chile
100%
China
100%
China
100%
China
100%
Costa Rica
100%
Côte d'Ivoire
100%
Cuba
100%
Democratic Republic of the Congo
100%
Democratic Republic of the Congo
100%
Denmark
100%
Dominican Republic
100%
DR Congo
100%
Ecuador
100%
Ecuador
100%
Egypt
100%
Egypt
100%
Egypt
100%
Eritrea
100%
Ethiopia
100%
Ethiopia
100%
Ethiopia
100%
Fiji
100%
France
100%
France
100%
Gambia
100%
Germany
100%
Germany
100%
Germany
100%
Ghana
100%
Guatemala
100%
Guinea
100%
Haiti
100%
Hungary
100%
India
100%
India
100%
India
100%
Indonesia
100%
Iraq
100%
Italy
100%
Japan
100%
Japan
100%
Japan
100%
Kazakhstan
100%
Kenya
100%
Kenya
100%
Kuwait
100%
Laos
100%
Lebanon
100%
Liberia
100%
Malaysia
100%
Nepal
100%
Netherlands
100%
Niger
100%
Nigeria
100%
Norway
100%
Pakistan
100%
Papua New Guinea
100%
Peru
100%
Philippines
100%
Philippines
100%
Russia
100%
Russia
100%
Russia
100%
Samoa
100%
Saudi Arabia
100%
Sierra Leone
100%
Somalia
100%
South Africa
100%
Spain
100%
Sudan
100%
Swaziland
100%
Sweden
100%
Syria
100%
Tanzania
100%
Thailand
100%
Trinidad and Tobago
100%
Turkey
100%
Turkmenistan
100%
Ukraine
100%
United Kingdom
100%
United States
100%
United States
100%
Uzbekistan
100%
Venezuela
100%
Vietnam
100%
Vietnam
100%
Zimbabwe
100%
Argentina
98%
Bangladesh
98%
Bangladesh
98%
Brazil
98%
Burma
98%
Burma
98%
Canada
98%
Chile
98%
China
98%
Côte d'Ivoire
98%
Ethiopia
98%
Guatemala
98%
Haiti
98%
India
98%
Italy
98%
Kenya
98%
Laos
98%
Libya
98%
Libya
98%
Lithuania
98%
Madagascar
98%
Madagascar
98%
Madagascar
98%
Malaysia
98%
Malaysia
98%
Mali
98%
Malta
98%
Mauritania
98%
Mauritania
98%
Mexico
98%
Mexico
98%
Mexico
98%
Mongolia
98%
Morocco
98%
Morocco
98%
Mozambique
98%
Nepal
98%
Nigeria
98%
Nigeria
98%
Pakistan
98%
Pakistan
98%
Peru
98%
Portugal
98%
Romania
98%
Saint Lucia
98%
Samoa
98%
São Tomé and Príncipe
98%
Saudi Arabia
98%
Saudi Arabia
98%
Serbia
98%
Serbia
98%
Slovakia
98%
Somalia
98%
South Africa
98%
Sudan
98%
Syria
98%
Thailand
98%
Turkey
98%
Ukraine
98%
United States
98%
Uzbekistan
98%
Brazil
97%
China
97%
China
97%
India
97%
India
97%
Japan
97%
Malaysia
97%
Somalia
97%
South Africa
97%
Thailand
97%
Turkey
97%
United States
97%
United States
97%
United States
97%
CHINA
95%
Nigeria
95%
Nigeria
95%
Pakistan
95%
Pakistan
95%
Saudi Arabia
95%
Thailand
95%

Score Distribution

Percentile by Number Answered

Percent of People with Each Score

Your Score History

You have not taken this quiz